Carta a los padres de un niño distinto

Na minha lista:
Detalhes bibliográficos
Autor principal: Ortells, Gemma (autora)
Formato: Livro
Idioma:espanhol
Publicado em: Madrid CCS 1996
Colecção:Colección Educación Hoy, 8
Assuntos:
Tags: Adicionar Tag
Sem tags, seja o primeiro a adicionar uma tag!

MARC

LEADER 00000nam a2200000 a 4500
001 UCR5042
003 CL-VaPUC
008 980320e19960000SP |||||||||||||||||spa|d
082 0 4 |a 371.92  |b ORT  |2 21 
100 |a Ortells, Gemma  |e autora  |9 405692 
245 1 0 |a Carta a los padres de un niño distinto 
300 |a 97 p 
942 |c BK 
945 |d 19980320 00:00:00  |a rbrito 
260 |a Madrid  |b CCS  |c 1996 
650 0 |a Educación especial  |9 307486 
650 7 |a PSICOPEDAGIA  |2 CL-VaPUC  |9 405693 
650 0 |a Psicología del aprendizaje  |9 306854 
650 7 |a NIÑOS IMPEDIDOS MENTALMENTE  |2 CL-VaPUC  |9 307488 
650 7 |a NIÑOS IMPEDIDOS FISICAMENTE  |2 CL-VaPUC  |9 308354 
583 |a last modification  |c 19980320 00:00:00  |k Rodrigo Vera 
490 0 |a Colección Educación Hoy, 8 
999 |c 267777  |d 267775 
952 |0 0  |1 0  |4 0  |6 371_920000000000000_ORT_1996  |7 0  |8 A  |9 300322  |a BIBEDU  |b BIBEDU  |d 2019-11-20  |i 340448K  |l 1  |o 371.92 ORT 1996  |p 340448K  |r 2023-11-03  |s 2023-11-03  |w 2019-11-20  |y BK  |k EPE